000 00462nam a2200181Ia 4500
005 20250923144349.0
008 008 250917s9999 xx 000 0 eng d
037 _aTextual
040 _aDSWL
_beng
_cDSWL
041 _aeng
_2eng
084 _qDSWL
100 _aGhosh, B.B
_9824130
245 0 _aIndian economics and Pakistan economics
_cby B.B Ghosh
260 _c1949
300 _a628 p.
942 _cTEXL
999 _c1437940
_d1437940